Encyclopedia of scientific terms (Record no. 184399)
[ view plain ]
| 000 -LEADER | |
|---|---|
| fixed length control field | 00434 a2200181 4500 |
| 003 - CONTROL NUMBER IDENTIFIER | |
| control field | Nust |
| 005 - DATE AND TIME OF LATEST TRANSACTION | |
| control field | 20230221162354.0 |
| 020 ## - INTERNATIONAL STANDARD BOOK NUMBER | |
| International Standard Book Number | 81-242-009-9 |
| 040 ## - CATALOGING SOURCE | |
| Transcribing agency | Nust |
| 082 ## - DEWEY DECIMAL CLASSIFICATION NUMBER | |
| Classification number | 603,GRA |
| 100 ## - MAIN ENTRY--PERSONAL NAME | |
| Personal name | E. C. Graham |
| 9 (RLIN) | 100465 |
| 245 ## - TITLE STATEMENT | |
| Title | Encyclopedia of scientific terms |
| 250 ## - EDITION STATEMENT | |
| Edition statement | v-1 |
| 260 ## - PUBLICATION, DISTRIBUTION, ETC. | |
| Place of publication, distribution, etc. | New Delhi |
| Name of publisher, distributor, etc. | Crest publishing |
| Date of publication, distribution, etc. | 1997 |
| 300 ## - PHYSICAL DESCRIPTION | |
| Extent | 290p |
| 650 ## - SUBJECT ADDED ENTRY--TOPICAL TERM | |
| Topical term or geographic name entry element | Encyclopedian scientific terms |
| 9 (RLIN) | 100466 |
| 942 ## - ADDED ENTRY ELEMENTS (KOHA) | |
| Koha item type | Reference |
| Source of classification or shelving scheme | |
| Withdrawn status | Lost status | Source of classification or shelving scheme | Damaged status | Not for loan | Permanent Location | Current Location | Shelving location | Date acquired | Full call number | Barcode | Date last seen | Price effective from | Koha item type | Public note |
|---|---|---|---|---|---|---|---|---|---|---|---|---|---|---|
| Military College of Signals (MCS) | Military College of Signals (MCS) | General Stacks | 12/12/2016 | 603,GRA | MCS27748 | 12/08/2016 | 12/12/2016 | Book | Almirah No.26, Shelf No.1 | |||||
| Military College of Signals (MCS) | Military College of Signals (MCS) | Reference | 12/12/2016 | 603,GRA | MCS27749 | 12/08/2016 | 12/12/2016 | Reference | Almirah No.71, Shelf No.1 |
